<?xml version="1.0" encoding="UTF-8"?>
<record
    xmlns:xsi="http://www.w3.org/2001/XMLSchema-instance"
    xsi:schemaLocation="http://www.loc.gov/MARC21/slim http://www.loc.gov/standards/marcxml/schema/MARC21slim.xsd"
    xmlns="http://www.loc.gov/MARC21/slim">

  <leader>00670nam a2200229Ia 4500</leader>
  <controlfield tag="005">20230327142242.0</controlfield>
  <controlfield tag="008">230125s9999    xx            000 0 und d</controlfield>
  <datafield tag="020" ind1=" " ind2=" ">
    <subfield code="a">978-0-471-44458-9</subfield>
  </datafield>
  <datafield tag="041" ind1=" " ind2=" ">
    <subfield code="a">eng</subfield>
  </datafield>
  <datafield tag="082" ind1=" " ind2=" ">
    <subfield code="a">004.69</subfield>
    <subfield code="b">HOR</subfield>
  </datafield>
  <datafield tag="100" ind1=" " ind2=" ">
    <subfield code="a">Horton W</subfield>
    <subfield code="9">115342</subfield>
  </datafield>
  <datafield tag="245" ind1=" " ind2=" ">
    <subfield code="a">E - Learning Tools &amp; Technologies</subfield>
    <subfield code="b">A Consumer's guide for trainers, teachers, educators, and instrutional designers</subfield>
  </datafield>
  <datafield tag="250" ind1=" " ind2=" ">
    <subfield code="a">1st Ed.</subfield>
  </datafield>
  <datafield tag="260" ind1=" " ind2=" ">
    <subfield code="c">2003</subfield>
    <subfield code="b">wiley publication</subfield>
    <subfield code="a">U K</subfield>
  </datafield>
  <datafield tag="300" ind1=" " ind2=" ">
    <subfield code="a">574p</subfield>
  </datafield>
  <datafield tag="500" ind1=" " ind2=" ">
    <subfield code="a">Internet;E-learning</subfield>
  </datafield>
  <datafield tag="650" ind1=" " ind2=" ">
    <subfield code="a">Internet E-learning</subfield>
    <subfield code="9">180674</subfield>
  </datafield>
  <datafield tag="700" ind1=" " ind2=" ">
    <subfield code="a">Horton W &amp; Horton K</subfield>
    <subfield code="9">115343</subfield>
  </datafield>
  <datafield tag="906" ind1=" " ind2=" ">
    <subfield code="b">718</subfield>
  </datafield>
  <datafield tag="942" ind1=" " ind2=" ">
    <subfield code="c">BK</subfield>
  </datafield>
  <datafield tag="999" ind1=" " ind2=" ">
    <subfield code="c">93148</subfield>
    <subfield code="d">93148</subfield>
  </datafield>
  <datafield tag="952" ind1=" " ind2=" ">
    <subfield code="0">0</subfield>
    <subfield code="1">0</subfield>
    <subfield code="2">ddc</subfield>
    <subfield code="4">0</subfield>
    <subfield code="7">3</subfield>
    <subfield code="a">HIMR</subfield>
    <subfield code="b">HIMR</subfield>
    <subfield code="d">2014-09-17</subfield>
    <subfield code="e">Pritam Book Centre</subfield>
    <subfield code="g">2565.00</subfield>
    <subfield code="i">9124</subfield>
    <subfield code="o">004.69 HOR B12757</subfield>
    <subfield code="p">HIMR-BK-12757</subfield>
    <subfield code="r">2023-01-25 00:00:00</subfield>
    <subfield code="v">1847.00</subfield>
    <subfield code="w">2014-09-09</subfield>
    <subfield code="y">RF</subfield>
    <subfield code="z">B12757</subfield>
  </datafield>
  <datafield tag="952" ind1=" " ind2=" ">
    <subfield code="0">0</subfield>
    <subfield code="1">0</subfield>
    <subfield code="2">ddc</subfield>
    <subfield code="4">0</subfield>
    <subfield code="7">3</subfield>
    <subfield code="a">HIMR</subfield>
    <subfield code="b">HIMR</subfield>
    <subfield code="d">2014-09-17</subfield>
    <subfield code="e">Pritam Book Centre</subfield>
    <subfield code="g">2565.00</subfield>
    <subfield code="i">9124</subfield>
    <subfield code="o">004.69 HOR B12756</subfield>
    <subfield code="p">HIMR-BK-12756</subfield>
    <subfield code="r">2023-01-25 00:00:00</subfield>
    <subfield code="v">1847.00</subfield>
    <subfield code="w">2014-09-09</subfield>
    <subfield code="y">RF</subfield>
    <subfield code="z">B12756</subfield>
  </datafield>
</record>
